[Event "66th ch-RUS HL w 2016"]
[Site "Kolomna RUS"]
[Date "2016.06.30"]
[Round "8.8"]
[White "Solozhenkina, Elizaveta"]
[Black "Nechaeva, Marina"]
[Result "0-1"]
[WhiteTitle "WFM"]
[BlackTitle "IM"]
[WhiteElo "2123"]
[BlackElo "2425"]
[WhiteFideId "34106615"]
[BlackFideId "4149351"]
[EventDate "2016.06.22"]

1. e4 c5 2. Nf3 Nc6 3. Bb5 d6 4. O-O Bd7 5. Re1 Nf6 6. c3 a6 7. Bf1 Bg4 8. h3
Bxf3 9. Qxf3 g6 10. d3 Bg7 11. Bf4 O-O 12. Nd2 Nd7 13. g3 b5 14. Bg2 Rb8 15.
Rec1 b4 16. Qd1 Nde5 17. Qc2 Qb6 18. Rab1 a5 19. Be3 Rfc8 20. f4 Nd7 21. g4 Qa6
22. Bf1 Qa7 23. a3 Nb6 24. axb4 axb4 25. Ra1 Qd7 26. Nc4 Nxc4 27. dxc4 h6 28.
Be2 Qe6 29. Kg2 Ra8 30. Qd3 Rxa1 31. Rxa1 bxc3 32. bxc3 Nb4 33. cxb4 Bxa1 34.
bxc5 dxc5 35. e5 Qb6 36. h4 Bd4 37. h5 Rd8 38. hxg6 fxg6 39. Qe4 Bxe3 40. Qxe3
Qb2 41. f5 g5 42. f6 exf6 43. Qe4 Qxe5 44. Qg6+ Kf8 45. Qxh6+ Ke7 46. Qh7+ Kd6
47. Bf3 Rb8 48. Qa7 Rb2+ 49. Kf1 Qd4 50. Qa6+ Ke5 0-1

[Event "66th ch-RUS HL w 2016"]
[Site "Kolomna RUS"]
[Date "2016.06.30"]
[Round "8.9"]
[White "Travkina, Anastasia"]
[Black "Bivol, Alina"]
[Result "0-1"]
[WhiteTitle "WFM"]
[BlackTitle "WIM"]
[WhiteElo "2267"]
[BlackElo "2359"]
[WhiteFideId "24129151"]
[BlackFideId "4100123"]
[EventDate "2016.06.22"]

1. e4 e6 2. d4 d5 3. Nc3 Nf6 4. Bg5 Be7 5. e5 Nfd7 6. h4 c5 7. Nf3 Nc6 8. Bb5
cxd4 9. Nxd4 Nxd4 10. Qxd4 Bxg5 11. hxg5 Qxg5 12. Kf1 a6 13. Bxd7+ Bxd7 14. Rh3
h5 15. Rd1 Qe7 16. Qb6 Bc6 17. Kg1 Rc8 18. a4 g5 19. Qd4 g4 20. Rg3 a5 21. Ne2
Bd7 22. Rc3 Rxc3 23. Nxc3 Rg8 24. Ne2 Bc6 25. Rd3 Rg5 26. Qf4 Rf5 27. Qd4 Qb4
28. Qa7 Qe1+ 29. Kh2 Kf8 30. Ng3 Qxe5 31. Qc5+ Kg8 32. Re3 Qf4 33. Qe7 d4 34.
Re2 Rd5 35. Kg1 d3 36. cxd3 Rxd3 37. Re1 Rd2 38. Ne2 Qe5 39. Kf1 Qd5 40. Nf4
Qc4+ 41. Ne2 Rd5 42. Rc1 Qd3 43. Re1 Rf5 44. Qh4 Qe4 45. Qh2 Re5 46. b3 b5 47.
Qg3 bxa4 48. f3 Qe3 49. bxa4 Bxa4 50. f4 Bb5 0-1

[Event "66th ch-RUS HL w 2016"]
[Site "Kolomna RUS"]
[Date "2016.06.30"]
[Round "8.10"]
[White "Zaiatz, Elena"]
[Black "Maslova, Polina"]
[Result "1-0"]
[WhiteTitle "IM"]
[BlackTitle "WFM"]
[WhiteElo "2344"]
[BlackElo "2249"]
[WhiteFideId "4139518"]
[BlackFideId "24178772"]
[EventDate "2016.06.22"]

1. d4 d5 2. c4 e6 3. Nc3 c6 4. e3 Nf6 5. Nf3 Nbd7 6. Qc2 Bd6 7. g4 h6 8. h3 b6
9. Bd2 O-O 10. O-O-O e5 11. g5 hxg5 12. Nxg5 e4 13. f3 Nh5 14. h4 Ng3 15. Rg1
Nf6 16. fxe4 dxe4 17. Bg2 Bf5 18. Be1 Re8 19. Bxg3 Bxg3 20. Bh3 Bxh3 21. Nxh3
Bd6 22. Qg2 Bf8 23. Nf4 Kh8 24. h5 Ng8 25. Rdf1 Qe7 26. Nfe2 Nh6 27. Ng3 Qe6 28.
b3 a5 29. Rf4 a4 30. Nxa4 b5 31. Rxe4 Qd6 32. c5 Qf6 33. Nb6 Bxc5 34. Nxa8 Rxa8
35. Rf1 Ba3+ 36. Kb1 Qg5 37. Re5 Qg4 38. Qf3 Qd7 39. Nf5 Ng8 40. h6 g6 41. h7
Nf6 42. Nh4 Ng4 43. Qxf7 1-0

[Event "66th ch-RUS HL w 2016"]
[Site "Kolomna RUS"]
[Date "2016.06.30"]
[Round "8.11"]
[White "Mirzoeva, Elmira"]
[Black "Gvanceladze, Anna"]
[Result "1/2-1/2"]
[WhiteTitle "WGM"]
[BlackTitle "WFM"]
[WhiteElo "2344"]
[BlackElo "2179"]
[WhiteFideId "4127951"]
[BlackFideId "4113721"]
[EventDate "2016.06.22"]

1. d4 Nf6 2. c4 e6 3. Nf3 b6 4. g3 Bb4+ 5. Bd2 Bxd2+ 6. Nbxd2 Bb7 7. Bg2 c5 8.
O-O O-O 9. Nb3 Qc7 10. dxc5 bxc5 11. Qd2 d6 12. Rfd1 Rd8 13. Qf4 Nc6 14. Rac1
Ne7 15. h3 Rab8 16. g4 Bc6 17. Rc2 Ng6 18. Qe3 Rb4 19. Nc1 Rdb8 20. Nd3 R4b6 21.
Nfe1 h6 22. Rcd2 Qb7 23. Bxc6 Qxc6 24. f3 a5 25. Ng2 a4 26. h4 Qc7 27. g5 hxg5
28. hxg5 Nd7 29. f4 d5 30. cxd5 exd5 31. f5 d4 32. Qh3 Nge5 33. Ngf4 Nxd3 34.
Nxd3 Ne5 35. Qg3 Re8 36. Rc2 Qb8 37. Rxc5 Nxd3 38. Qxb8 Rbxb8 39. Rxd3 Rxb2 40.
Rxd4 Rxa2 41. Ra5 Raxe2 42. Rdxa4 Rb2 43. Ra8 Kf8 44. Rxe8+ Kxe8 45. Ra8+ Ke7
46. Ra7+ Ke8 47. g6 fxg6 48. fxg6 Kf8 49. Rf7+ Kg8 50. Rc7 Kf8 51. Rf7+ Kg8 52.
Rc7 1/2-1/2

[Event "66th ch-RUS HL w 2016"]
[Site "Kolomna RUS"]
[Date "2016.06.30"]
[Round "8.12"]
[White "Gritsayeva, Oksana"]
[Black "Nasybullina, Alfia"]
[Result "1-0"]
[WhiteTitle "WFM"]
[BlackTitle "WFM"]
[WhiteElo "2336"]
[BlackElo "2143"]
[WhiteFideId "14104652"]
[BlackFideId "4132416"]
[EventDate "2016.06.22"]

1. e4 e6 2. d4 d5 3. e5 b6 4. Bb5+ c6 5. Ba4 Ne7 6. c3 Ng6 7. Ne2 f6 8. Nf4 Nxf4
9. Bxf4 f5 10. Nd2 Ba6 11. h4 Bb5 12. Bc2 c5 13. Nf3 Nc6 14. dxc5 bxc5 15. g4 d4
16. gxf5 d3 17. Ba4 Bxa4 18. Qxa4 Qd5 19. Rh3 Be7 20. O-O-O O-O 21. f6 c4 22.
Nd2 gxf6 23. Rg3+ Kh8 24. Qxc4 fxe5 25. Bh6 Qxc4 26. Bg7+ Kg8 27. Bxf8+ Kxf8 28.
Nxc4 e4 29. Rg4 1-0

[Event "66th ch-RUS HL w 2016"]
[Site "Kolomna RUS"]
[Date "2016.06.30"]
[Round "8.13"]
[White "Khokhlova, Daria"]
[Black "Belenkaya, Dina"]
[Result "1/2-1/2"]
[BlackTitle "WFM"]
[WhiteElo "2214"]
[BlackElo "2299"]
[WhiteFideId "24182729"]
[BlackFideId "24142654"]
[EventDate "2016.06.22"]

1. d4 d5 2. c4 dxc4 3. e3 Nf6 4. Bxc4 e6 5. Nf3 a6 6. Bb3 c5 7. O-O cxd4 8. exd4
Be7 9. Nc3 Nc6 10. Bg5 O-O 11. Qd2 h6 12. Bh4 Bd7 13. Rad1 Na5 14. Bc2 Nc4 15.
Qc1 Rc8 16. Ne5 Bb5 17. a4 Be8 18. Bb3 Nb6 19. Qc2 Nbd5 20. Qd3 Nb4 21. Qe2 a5
22. Rd2 Nfd5 23. Bxe7 Nxe7 24. Ne4 Ned5 25. Rdd1 Bc6 26. Nxc6 Rxc6 27. g3 Qc7
28. Nd2 Rc8 29. Nf3 Qd8 30. Ne5 Rd6 31. Nc4 Ra6 32. f4 Ne7 33. Ne3 Qd7 34. g4
Ned5 35. Nc4 Qd8 36. f5 Qg5 37. Qf3 Nf6 38. Ne5 Nbd5 39. Rd3 Rd6 40. Qg3 Rc1 41.
Bd1 Rb1 42. Nxf7 Kxf7 43. Qxd6 exf5 44. Qe5 g6 45. h4 Qxh4 46. gxf5 Rxb2 47.
fxg6+ Kg7 48. Bb3 Qg5+ 49. Qxg5 hxg5 50. Bxd5 Nxd5 51. Rf5 Nf4 52. Re3 Kxg6 53.
Rxa5 Ne2+ 54. Kf1 Nxd4 55. Rd3 Rb4 56. Rd5 Nc6 57. Ra3 g4 58. Rb5 Rxb5 59. axb5
Nd4 60. b6 Nc6 61. Rc3 Na5 62. Kg2 Kf6 63. Kg3 Ke6 64. Kxg4 Kd6 65. Kf5 Nc6 66.
Ke4 Nb4 67. Rc1 Nc6 68. Rc4 Nb8 69. Rc8 Nd7 70. Rc7 Nxb6 71. Rxb7 Kc6 72. Rxb6+
Kxb6 1/2-1/2

[Event "66th ch-RUS HL w 2016"]
[Site "Kolomna RUS"]
[Date "2016.06.30"]
[Round "8.14"]
[White "Makarenko, Alexandra"]
[Black "Faizutdinova, Diana"]
[Result "1/2-1/2"]
[WhiteTitle "WFM"]
[WhiteElo "2269"]
[BlackElo "2006"]
[WhiteFideId "4165055"]
[BlackFideId "24143731"]
[EventDate "2016.06.22"]

1. e4 c5 2. Nf3 Nf6 3. Nc3 d5 4. exd5 Nxd5 5. Bb5+ Bd7 6. Ne5 Nf6 7. Qf3 Qc8 8.
Nxd7 Nbxd7 9. d3 a6 10. Ba4 e6 11. O-O Be7 12. Qg3 b5 13. Bb3 Qc6 14. f4 h5 15.
Qf3 Qxf3 16. Rxf3 g6 17. a4 b4 18. Ne4 a5 19. Be3 O-O 20. Re1 Nd5 21. Bf2 Rac8
22. h3 N7b6 23. Re2 f5 24. Nd2 Kf7 25. Nc4 Nxc4 26. Bxc4 Bf6 27. b3 Rfe8 28. g3
Bd4 29. Kg2 Kf6 30. Bg1 Re7 31. Rf1 Bxg1 32. Rxg1 Rd8 33. Rge1 Rd6 34. Re5 Rd8
35. Kf3 Rd6 36. g4 h4 37. R1e2 Rd8 38. Re1 Rd6 39. Bb5 Rd8 40. Bc6 Rd6 41. Bxd5
Rxd5 42. R1e3 Kf7 43. g5 Rxe5 44. Rxe5 Rc7 45. Ke3 Ke7 46. Kd2 Kd6 47. Ke3 Rc6
48. Ke2 Rc7 49. Kd1 Rc8 50. Re3 Re8 51. Re5 Rc8 52. Kd2 Rc7 53. Re3 Rc8 54. Re1
Rc7 55. Re5 Rc6 56. Kc1 Rc7 57. Kb2 Rc6 58. Ka2 Rc7 59. Ka1 Rc6 60. Kb1 Rc7 61.
Kb2 Rc6 62. Re1 Rc7 63. Re2 Rc6 64. Re3 Rc7 65. Re5 Rc6 66. Kb1 Rc7 67. Re1 1/2-1/2

[Event "66th ch-RUS HL w 2016"]
[Site "Kolomna RUS"]
[Date "2016.06.30"]
[Round "8.15"]
[White "Chernyak, Viktoria"]
[Black "Baraeva, Marina"]
[Result "1-0"]
[WhiteTitle "WFM"]
[BlackTitle "WIM"]
[WhiteElo "2196"]
[BlackElo "2216"]
[WhiteFideId "24165956"]
[BlackFideId "24142573"]
[EventDate "2016.06.22"]

1. d4 d5 2. Nf3 Nf6 3. c4 c6 4. Nc3 dxc4 5. a4 Bf5 6. Ne5 Nbd7 7. Nxc4 Qc7 8. g3
e5 9. dxe5 Nxe5 10. Bf4 Nfd7 11. Bg2 f6 12. O-O Nc5 13. e4 Bg6 14. Qe2 Be7 15.
Rad1 O-O 16. Ne3 Ne6 17. h4 Bf7 18. Bxe5 fxe5 19. Nf5 Bc5 20. Kh2 Kh8 21. Qg4 h5
22. Qe2 g6 23. Qd2 Bg8 24. Ne3 Rad8 25. Qc1 Nd4 26. Ne2 Nb3 27. Qc2 Rxd1 28.
Nxd1 Rd8 29. Qc3 Rd2 30. Ng1 Qd6 31. Nf3 Rxd1 32. Rxd1 Nd4 33. Nxe5 Qxe5 34. f4
Qd6 35. e5 Qe7 36. Rxd4 Bxd4 37. Qxd4 a5 38. Be4 Kh7 39. Qd2 Qc5 40. Qd7+ Kh6
41. Qc8 Qc4 42. Bg2 Qb3 43. Qf8+ Kh7 44. f5 Qf7 45. Qxf7+ Bxf7 46. e6 Be8 47. f6 1-0

[Event "66th ch-RUS HL w 2016"]
[Site "Kolomna RUS"]
[Date "2016.06.30"]
[Round "8.17"]
[White "Severina, Maria"]
[Black "Shaydullina, Sandugach"]
[Result "1/2-1/2"]
[WhiteTitle "WIM"]
[BlackTitle "WGM"]
[WhiteElo "2330"]
[BlackElo "2110"]
[WhiteFideId "4116909"]
[BlackFideId "4140389"]
[EventDate "2016.06.22"]

1. d4 e6 2. Nf3 f5 3. Bf4 Nf6 4. e3 Be7 5. Be2 O-O 6. O-O Nh5 7. c4 Nxf4 8. exf4
d5 9. Nc3 c6 10. Qc2 Nd7 11. c5 Qc7 12. g3 b6 13. b4 a5 14. a3 b5 15. Rfe1 a4
16. Rad1 Rb8 17. Bf1 Nf6 18. Ne5 Nd7 19. Nd3 Nf6 20. Nb1 Bd7 21. Nd2 Ne4 22. f3
Nxd2 23. Qxd2 Bf6 24. Ne5 Rbe8 25. Kf2 Qd8 26. Re3 Bxe5 27. Rxe5 Rf6 28. Ke2 Rh6
29. Kd3 Rf8 30. Kc3 Qe8 31. Qf2 Rhf6 32. Bd3 Qf7 33. Rde1 Kh8 34. Bb1 Bc8 35.
Qc2 Rh6 36. R1e2 Rh3 37. Kb2 Qf6 38. Qd2 Qf7 39. Bd3 Qf6 40. Rf2 Rh6 41. Qe3 Rh3
42. Bf1 Rh6 43. g4 Rh4 44. gxf5 exf5 45. Rg2 Rh6 46. Bd3 Rg6 47. Re2 Kg8 48. Re8
Rxe8 49. Qxe8+ Qf8 50. Kc3 Rf6 51. Qh5 Bd7 52. Qh4 Re6 53. Re5 g6 54. Qe1 Kf7
55. Rxe6 Bxe6 56. Qe5 Qd8 57. h3 Qe8 58. Kd2 Bd7 59. Qc7 Qc8 60. Qd6 Qe8 61. Qe5
Qxe5 62. dxe5 Ke6 1/2-1/2

[Event "66th ch-RUS HL w 2016"]
[Site "Kolomna RUS"]
[Date "2016.06.30"]
[Round "8.18"]
[White "Matiukova, Uliana"]
[Black "Korchagina, Alena"]
[Result "1/2-1/2"]
[BlackTitle "WFM"]
[WhiteElo "2179"]
[BlackElo "2091"]
[WhiteFideId "34100579"]
[BlackFideId "24173452"]
[EventDate "2016.06.22"]

1. d4 Nf6 2. c4 c5 3. d5 b5 4. cxb5 a6 5. bxa6 g6 6. Nc3 Bg7 7. e4 O-O 8. Nf3
Qa5 9. Bd2 Bxa6 10. g3 d6 11. a4 Qb6 12. Bb5 Bxb5 13. axb5 Nbd7 14. O-O Ra7 15.
Qb3 Rfa8 16. Ra3 Ng4 17. h3 Nge5 18. Nxe5 Nxe5 19. Be3 Rxa3 20. bxa3 Qa5 21. Nb1
c4 22. Qb4 Qxb4 23. axb4 Ra4 24. Nc3 Nf3+ 25. Kg2 Bxc3 26. Kxf3 Rxb4 27. b6 Kf8
28. Rc1 Bb2 29. Rc2 c3 30. g4 Ke8 31. h4 Kd7 32. Kf4 Kc8 33. f3 Kb7 34. Bf2 Ka6
35. Ke3 Kxb6 36. Kd3+ Kb7 37. Bd4 Ra4 38. Bxc3 Bxc3 39. Rxc3 Ra1 40. Ke3 Rh1 41.
Kf4 Rxh4 42. e5 dxe5+ 43. Kxe5 Rh1 44. Kf4 Rd1 45. Re3 Rd4+ 46. Kg3 Rxd5 47.
Rxe7+ Kc6 48. Rxf7 Rd7 1/2-1/2

[Event "66th ch-RUS HL w 2016"]
[Site "Kolomna RUS"]
[Date "2016.06.30"]
[Round "8.19"]
[White "Sukhareva, Evgeniya"]
[Black "Rodionova, Polina"]
[Result "1/2-1/2"]
[BlackTitle "WFM"]
[WhiteElo "2156"]
[BlackElo "1981"]
[WhiteFideId "4167155"]
[BlackFideId "24102555"]
[EventDate "2016.06.22"]

1. d4 Nf6 2. c4 g6 3. Nc3 Bg7 4. e4 d6 5. f3 O-O 6. Bg5 c5 7. d5 e6 8. Qd2 exd5
9. cxd5 a6 10. Nge2 b5 11. Ng3 h5 12. Be2 Nbd7 13. O-O Re8 14. Nh1 Qa5 15. Nf2
Nh7 16. Bh6 Bh8 17. Bf4 Ne5 18. a4 b4 19. Ncd1 Nf8 20. Ra2 Nfd7 21. b3 Qd8 22.
Bg5 f6 23. Be3 Nb6 24. Rc2 Bd7 25. Nb2 a5 26. h3 f5 27. Rcc1 Qf6 28. Rc2 Nf7 29.
Bd3 Ne5 30. Be2 Nf7 31. Bd3 Ne5 32. Be2 1/2-1/2

[Event "66th ch-RUS HL w 2016"]
[Site "Kolomna RUS"]
[Date "2016.06.30"]
[Round "8.20"]
[White "Khazieva, Elza"]
[Black "Chkhan, Viktoria"]
[Result "1-0"]
[WhiteTitle "WFM"]
[BlackTitle "WFM"]
[WhiteElo "2128"]
[BlackElo "2164"]
[WhiteFideId "4100166"]
[BlackFideId "4123107"]
[EventDate "2016.06.22"]

1. e4 e6 2. d3 d5 3. Nd2 Nf6 4. g3 Be7 5. Bg2 O-O 6. Ngf3 c5 7. O-O Nc6 8. Re1
b5 9. a4 b4 10. exd5 exd5 11. d4 Na5 12. Ne5 cxd4 13. Ndf3 Qb6 14. Nxd4 Bc5 15.
c3 Ne4 16. Nd3 bxc3 17. Nxc5 Qxc5 18. b4 c2 19. Qd3 Qc4 20. Bf1 Qxd3 21. Bxd3
Nb7 22. Bxc2 Re8 23. Nb5 Ned6 24. Bf4 Ne4 25. Nc7 Bf5 26. Nxe8 g5 27. Bxe4 1-0

[Event "66th ch-RUS HL w 2016"]
[Site "Kolomna RUS"]
[Date "2016.06.30"]
[Round "8.21"]
[White "Lingur, Zalina"]
[Black "Bocharova, Ulyana"]
[Result "1-0"]
[WhiteTitle "WFM"]
[WhiteElo "2182"]
[BlackElo "1894"]
[WhiteFideId "34165670"]
[BlackFideId "24174513"]
[EventDate "2016.06.22"]

1. c4 e6 2. Nf3 Nf6 3. Nc3 d5 4. e3 Be7 5. d4 O-O 6. Bd3 dxc4 7. Bxc4 b6 8. O-O
Bb7 9. Qe2 a6 10. e4 b5 11. Bd3 c5 12. dxc5 Bxc5 13. e5 Bxf3 14. Qxf3 Ng4 15.
Qxg4 Qxd3 16. Ne4 Bb6 17. Bh6 g6 18. Nf6+ Kh8 19. Bxf8 Nc6 20. Qg5 1-0

[Event "66th ch-RUS HL w 2016"]
[Site "Kolomna RUS"]
[Date "2016.06.30"]
[Round "8.22"]
[White "Samdanova, Surena"]
[Black "Lysenko, Margarita"]
[Result "0-1"]
[BlackTitle "WFM"]
[WhiteElo "2060"]
[BlackElo "2097"]
[WhiteFideId "24136646"]
[BlackFideId "34100200"]
[EventDate "2016.06.22"]

1. e4 Nf6 2. e5 Nd5 3. d4 d6 4. c4 Nb6 5. exd6 cxd6 6. Nc3 g6 7. Be3 Bg7 8. Rc1
O-O 9. b3 Bf5 10. Nf3 d5 11. c5 Nc8 12. Be2 Nc6 13. Qd2 Bg4 14. O-O e6 15. Rfd1
N8e7 16. Bh6 Bxh6 17. Qxh6 Nf5 18. Qf4 Bxf3 19. Bxf3 Nfxd4 20. Bg4 e5 21. Qh6 f5
22. Bh3 Qd7 23. a3 a5 24. Rb1 Qf7 25. b4 axb4 26. axb4 Ra3 27. b5 Rxc3 28. bxc6
bxc6 29. Qd2 Rxc5 30. f4 Rc4 31. fxe5 Ne6 32. g3 Qa7+ 33. Kh1 Rb8 34. Qh6 Ng7
35. Qg5 Re8 36. Qf6 Qe7 37. Re1 Qxf6 38. exf6 Rxe1+ 39. Rxe1 Nh5 40. Bf1 Rc3 41.
Re6 Kf7 42. Re7+ Kxf6 43. Rxh7 c5 44. Rd7 d4 45. Kg2 Ng7 46. Bb5 Ne6 47. Ba6
Rc2+ 48. Kg1 Ng5 49. h4 Ne4 50. Rc7 Nxg3 51. Rc6+ Kg7 52. Rc7+ Kh6 53. Rd7 c4
54. Rc7 d3 0-1

[Event "66th ch-RUS HL w 2016"]
[Site "Kolomna RUS"]
[Date "2016.06.30"]
[Round "8.23"]
[White "Mukhina, Jana"]
[Black "Potapova, Margarita"]
[Result "1-0"]
[BlackTitle "WFM"]
[WhiteElo "2017"]
[BlackElo "2061"]
[WhiteFideId "34115428"]
[BlackFideId "14126869"]
[EventDate "2016.06.22"]

1. e4 c5 2. Nf3 d6 3. Bb5+ Nc6 4. O-O Bd7 5. Re1 Nf6 6. h3 a6 7. Bf1 g5 8. d4 g4
9. e5 gxf3 10. exf6 Nxd4 11. fxe7 Bxe7 12. c3 Ne2+ 13. Bxe2 fxe2 14. Qxe2 Be6
15. c4 d5 16. cxd5 Qxd5 17. Nc3 Qc6 18. f4 c4 19. Kh1 O-O-O 20. f5 Bxf5 21. Qxe7
Rhe8 22. Qh4 Rxe1+ 23. Qxe1 Rg8 24. Qd2 Bd3 25. Qf2 b5 26. a3 a5 27. Bf4 b4 28.
axb4 axb4 29. Nb5 Qd5 30. Ra7 c3 31. Nd6+ Kd8 32. Qb6# 1-0

[Event "66th ch-RUS HL w 2016"]
[Site "Kolomna RUS"]
[Date "2016.06.30"]
[Round "8.24"]
[White "Mikhailova, Lubov"]
[Black "Ustich, Ekaterina"]
[Result "1/2-1/2"]
[WhiteElo "2051"]
[BlackElo "2007"]
[WhiteFideId "4164296"]
[BlackFideId "24179221"]
[EventDate "2016.06.22"]

1. c4 e5 2. Nc3 Nf6 3. e4 Bc5 4. g3 d6 5. h3 Nc6 6. Bg2 Be6 7. d3 h6 8. Nge2 Qd7
9. a3 a5 10. Nd5 Bxd5 11. exd5 Ne7 12. d4 exd4 13. Nxd4 O-O 14. Be3 Ng6 15. O-O
Rfe8 16. Qc2 Nh5 17. Qd2 Re7 18. b4 Bb6 19. Rac1 axb4 20. axb4 Ra3 21. c5 dxc5
22. bxc5 Nxg3 23. fxg3 Ba5 24. Qb2 Rexe3 25. Nf5 Rec3 26. Rxc3 Rxc3 27. d6 cxd6
28. cxd6 b5 29. Qa2 Bd8 30. Ne7+ Bxe7 31. Rxf7 Kh7 32. dxe7 Qd4+ 33. Kh1 Rc1+
34. Rf1 Rxf1+ 35. Bxf1 Qe4+ 36. Qg2 Qe1 37. Kh2 b4 38. Bd3 Qxe7 39. h4 h5 40.
Qd5 Kh6 41. Qc6 Qf6 42. Qc1+ Kh7 43. Qc5 Qf3 44. Qc1 Qf6 45. Qg5 1/2-1/2

[Event "66th ch-RUS HL w 2016"]
[Site "Kolomna RUS"]
[Date "2016.06.30"]
[Round "8.25"]
[White "Zelenskaya, Anastasiya"]
[Black "Selifonova, Aleksandra"]
[Result "0-1"]
[WhiteElo "1662"]
[BlackElo "1980"]
[WhiteFideId "54112540"]
[BlackFideId "24115983"]
[EventDate "2016.06.22"]

1. e4 e5 2. Nf3 Nc6 3. Nc3 Nf6 4. Bb5 Nd4 5. Bd3 Nxf3+ 6. Qxf3 Bc5 7. Bc4 d6 8.
h3 Be6 9. d3 h6 10. Be3 Bb4 11. Bb3 Qe7 12. g4 O-O-O 13. O-O-O Bxc3 14. bxc3 d5
15. Kb2 dxe4 16. dxe4 Nd7 17. Qe2 a6 18. Rd2 f6 19. h4 Rhe8 20. g5 hxg5 21. hxg5
Rh8 22. gxf6 gxf6 23. Rdd1 Rdg8 24. Bxe6 Qxe6 25. Rdg1 Rxh1 26. Rxh1 Qc6 27. f3
Nb6 28. Bxb6 Qxb6+ 29. Ka1 a5 30. Rd1 Qc5 31. Qd3 Kb8 32. Rb1 a4 33. c4 Rg3 34.
Rf1 a3 35. Rb1 Rg1 36. c3 Rg2 37. Qd5 Qxd5 38. cxd5 Rf2 39. Rb3 Rf1+ 40. Rb1
Rxf3 41. Re1 Rxc3 42. Kb1 Rf3 43. Kc2 Kc8 44. Re2 Kd7 45. Kd2 Kd6 46. Kc2 b5 47.
Kd2 f5 0-1

[Event "66th ch-RUS HL w 2016"]
[Site "Kolomna RUS"]
[Date "2016.07.01"]
[Round "9.1"]
[White "Ovod, Evgenija"]
[Black "Ubiennykh, Ekaterina"]
[Result "1/2-1/2"]
[WhiteElo "2338"]
[BlackElo "2324"]
[EventDate "2016.06.22"]

1. d4 Nf6 2. Nf3 g6 3. Bf4 Bg7 4. e3 d6 5. h3 O-O 6. Be2 b6 7. O-O Bb7 8.
c4 Nfd7 9. Nc3 e5 10. Bh2 exd4 11. Nxd4 Na6 12. Bf3 Bxf3 13. Qxf3 Ne5 14.
Qe2 Qd7 15. Rfd1 Rfe8 16. Rac1 f5 17. a3 Nc5 18. b4 Ne4 19. Nxe4 fxe4 20.
Bxe5 Rxe5 21. b5 Rg5 22. Kh1 Rf8 23. Nc6 Rgf5 24. Rf1 Rf3 25. Kh2 R8f5 26.
Rcd1 Rh5 27. Kg1 Rfxh3 28. f4 Rg3 29. Rd5 Rhh3 30. Qc2 Qg4 31. Rg5 Qh4 32.
Rxg3 Qxg3 33. Qxe4 Qxe3+ 34. Qxe3 Rxe3 35. f5 Kf7 36. fxg6+ Kxg6 37. Nxa7
Rxa3 38. Nc6 Ra1 39. Ne7+ Kg5 40. Rxa1 Bxa1 41. Kf2 Kf4 42. Nd5+ Ke4 43.
Nxc7 Kd3 44. Kf3 Kxc4 45. Ke4 h5 46. Nd5 Kxb5 47. Nf4 Kc4 48. Nxh5 d5+ 49.
Kf3 Be5 50. g4 b5 51. g5 b4 52. Ke2 d4 53. Nf6 d3+ 54. Ke3 Bf4+ 55. Kxf4 d2
56. Ng4 b3 57. g6 b2 1/2-1/2

[Event "66th ch-RUS HL w 2016"]
[Site "Kolomna RUS"]
[Date "2016.07.01"]
[Round "9.2"]
[White "Pustovoitova, Daria"]
[Black "Kashlinskaya, Alina"]
[Result "0-1"]
[WhiteElo "2297"]
[BlackElo "2467"]
[EventDate "2016.06.22"]

1. d4 Nf6 2. Nf3 e6 3. c4 c5 4. d5 b5 5. Bg5 b4 6. e4 d6 7. Bd3 a5 8. h3
Be7 9. Be3 O-O 10. Nbd2 Re8 11. g4 exd5 12. exd5 Bf8 13. Qe2 a4 14. O-O-O
g6 15. Rdg1 Bg7 16. Ng5 Nbd7 17. f4 Nb6 18. Re1 Ba6 19. h4 a3 20. b3 Nfxd5
21. Nge4 Nxe3 22. Qxe3 d5 23. cxd5 Nxd5 24. Qf3 Bxd3 25. Qxd3 Nxf4 26. Qxd8
Raxd8 27. Kc2 f5 28. gxf5 gxf5 29. Ng3 Rxd2+ 30. Kxd2 Bc3+ 31. Kd1 Rxe1+
32. Rxe1 Bxe1 33. Kxe1 c4 0-1

[Event "66th ch-RUS HL w 2016"]
[Site "Kolomna RUS"]
[Date "2016.07.01"]
[Round "9.3"]
[White "Nechaeva, Marina"]
[Black "Kovalevskaya, Ekaterina"]
[Result "1-0"]
[WhiteElo "2425"]
[BlackElo "2466"]
[EventDate "2016.06.22"]

1. d4 Nf6 2. c4 c5 3. d5 b5 4. cxb5 a6 5. bxa6 g6 6. Nc3 Bg7 7. e4 O-O 8.
Nf3 Qa5 9. Bd2 Bxa6 10. Be2 Qb4 11. Bxa6 Nxa6 12. Qe2 Qxb2 13. Rb1 Qa3 14.
e5 Ne8 15. Rb3 Qa5 16. O-O d6 17. Rfb1 Qd8 18. Bg5 f6 19. exf6 exf6 20. Bf4
Nac7 21. h3 h6 22. Nd2 f5 23. Nc4 g5 24. Bd2 Nf6 25. Rb6 Re8 26. Qf3 Ne4
27. Nxe4 fxe4 28. Qh5 Rxa2 29. Nxd6 Rf8 30. Nf7 Rxf7 31. Rb8 Rf8 32. Rxd8
Rxd8 33. Be3 Nxd5 34. Rb7 Nc7 35. Rxc7 Ra1+ 36. Kh2 Be5+ 37. g3 Bxc7 38.
Qg6+ 1-0

[Event "66th ch-RUS HL w 2016"]
[Site "Kolomna RUS"]
[Date "2016.07.01"]
[Round "9.4"]
[White "Charochkina, Daria"]
[Black "Kovanova, Baira"]
[Result "1/2-1/2"]
[WhiteElo "2359"]
[BlackElo "2382"]
[EventDate "2016.06.22"]

1. d4 Nf6 2. Nf3 e6 3. Bf4 c5 4. e3 Nc6 5. c3 d5 6. Nbd2 Be7 7. Ne5 Nxe5 8.
dxe5 Nd7 9. c4 Nb6 10. Qc2 Bd7 11. Bd3 Nxc4 12. Bxc4 dxc4 13. Nxc4 b5 14.
Nd2 Bc6 15. O-O Qb6 16. e4 Rc8 17. b3 Qc7 18. Bg3 O-O 19. f4 Rfd8 20. Nf3
Qb7 21. Rae1 c4 22. f5 Rd3 23. Qe2 Bc5+ 24. Bf2 Bb4 25. Nd4 Bxe1 26. Rxe1
Qd7 27. f6 gxf6 28. exf6 Kh8 29. Nf3 Rxf3 30. Qxf3 Rg8 31. Rd1 Qb7 32. Re1
Qd7 33. Qh5 c3 34. Qc5 Qb7 35. Qxc3 Bxe4 36. Bg3 Rc8 37. Qd2 Qd5 38. Qh6
Rg8 39. Re2 Qd1+ 40. Kf2 Bxg2 41. Re1 Qc2+ 42. Re2 Qd1 43. Re1 Qd5 44. Rc1
Qb7 45. Qd2 Bh3 46. Kg1 e5 47. Re1 Qf3 48. Qf2 Qd5 49. Qe2 Qd4+ 1/2-1/2

[Event "66th ch-RUS HL w 2016"]
[Site "Kolomna RUS"]
[Date "2016.07.01"]
[Round "9.5"]
[White "Bivol, Alina"]
[Black "Shuvalova, Polina"]
[Result "1/2-1/2"]
[WhiteElo "2359"]
[BlackElo "2409"]
[EventDate "2016.06.22"]

1. e4 e5 2. Nf3 Nc6 3. Bc4 Bc5 4. b4 Bb6 5. a4 a6 6. Bb2 d6 7. b5 axb5 8.
axb5 Rxa1 9. Bxa1 Nd4 10. Nxd4 Bxd4 11. Bxd4 exd4 12. O-O Nf6 13. c3 O-O
14. Re1 d5 15. exd5 Nxd5 16. Qf3 Nf6 17. h3 Qd6 18. cxd4 Qxd4 19. d3 b6 20.
Nd2 Bd7 21. Qb7 Qd6 22. Nf3 Bc8 23. Qa7 g6 24. Ne5 Kg7 25. Qa1 h5 26. Re3
Bb7 27. Qb2 Bd5 28. Bxd5 Qxd5 29. Rf3 Qe6 30. Nc4 Rd8 31. Nd2 Rd5 32. Ne4
Rf5 33. Qc3 Rxf3 34. gxf3 Qf5 35. Kg2 Qf4 36. Nxf6 Qxf6 37. Qxc7 Qg5+ 38.
Kh2 Qxb5 39. d4 Qf1 40. Qe5+ Kh7 41. Qe3 b5 42. d5 Qd1 43. Qc5 b4 44. Qxb4
Qxd5 45. Kg3 Qe5+ 46. Kg2 Kg7 47. Qc4 Qg5+ 1/2-1/2